000 00318nam a2200109 a 4500
005 20201002045455.0
008 140717s2004 000 spa d
100 _aAlmánzar García, José Nicolás
_93006
245 0 _aEducación cívica.
260 _a[Santo Domingo] -- edi. desc.,
_c[197?] -- 88 p.
999 _c44065
_d44065
040 _aDO-SdBNP